<?xml version="1.0" encoding="UTF-8"?>
<record
    xmlns:xsi="http://www.w3.org/2001/XMLSchema-instance"
    xsi:schemaLocation="http://www.loc.gov/MARC21/slim http://www.loc.gov/standards/marcxml/schema/MARC21slim.xsd"
    xmlns="http://www.loc.gov/MARC21/slim">

  <leader>00791cam4a220021700 4500</leader>
  <controlfield tag="001">tmp15930916</controlfield>
  <controlfield tag="003">UPRA</controlfield>
  <controlfield tag="005">20190821142209.0</controlfield>
  <controlfield tag="008">951113q19501959ru                  eng u</controlfield>
  <datafield tag="035" ind1=" " ind2=" ">
    <subfield code="a">(Sirsi) r92393</subfield>
  </datafield>
  <datafield tag="035" ind1=" " ind2=" ">
    <subfield code="a">(UPRA)tmp15930916</subfield>
  </datafield>
  <datafield tag="040" ind1=" " ind2=" ">
    <subfield code="c">UPRA</subfield>
  </datafield>
  <datafield tag="041" ind1="1" ind2=" ">
    <subfield code="a">eng rus</subfield>
    <subfield code="h">eng rus</subfield>
  </datafield>
  <datafield tag="050" ind1=" " ind2="0">
    <subfield code="a"> D 764 Smi 195-?</subfield>
  </datafield>
  <datafield tag="100" ind1="1" ind2=" ">
    <subfield code="a">Smirnov, S. S. (Sergei Sergeevich), 1915-</subfield>
    <subfield code="q">Smirnov, S. S. (Sergei Sergeevich), 1915-</subfield>
    <subfield code="d">Smirnov, S. S. (Sergei Sergeevich), 1915-</subfield>
    <subfield code="6">A51258.1</subfield>
  </datafield>
  <datafield tag="245" ind1="1" ind2="0">
    <subfield code="a">Heroes of Brest Fortress /</subfield>
    <subfield code="c">[translated by R. Daglish].</subfield>
  </datafield>
  <datafield tag="260" ind1=" " ind2=" ">
    <subfield code="a">Moscow :</subfield>
    <subfield code="b">Foregin Languages Publishing House,</subfield>
    <subfield code="c">[195-?]</subfield>
  </datafield>
  <datafield tag="650" ind1=" " ind2="0">
    <subfield code="a">Brest-Litvosk, Battle of, 1941-</subfield>
    <subfield code="6">S40187.1</subfield>
  </datafield>
  <datafield tag="949" ind1=" " ind2=" ">
    <subfield code="a"> D 764 Smi 195-?</subfield>
    <subfield code="w">lcc</subfield>
    <subfield code="c"> 1</subfield>
    <subfield code="i">33729000044128</subfield>
    <subfield code="m">MAIN</subfield>
    <subfield code="p">2500</subfield>
    <subfield code="t">BOOK</subfield>
    <subfield code="l">ON-SHELF</subfield>
  </datafield>
  <controlfield tag="004">92393</controlfield>
  <datafield tag="999" ind1=" " ind2=" ">
    <subfield code="c">118565</subfield>
    <subfield code="d">118565</subfield>
  </datafield>
</record>
